|
|
|
|
| LEADER |
02326nam a22004458i 4500 |
| 001 |
39164 |
| 003 |
BD-DhAAL |
| 008 |
220720t2016 nyu b 001 0 eng d |
| 999 |
|
|
|c 44416
|d 44416
|
| 010 |
|
|
|a 2015050960
|
| 020 |
|
|
|a 9780815345510
|
| 020 |
|
|
|a 9780815345053 (pbk.)
|
| 020 |
|
|
|z 9780815345503 (looseleaf)
|
| 035 |
|
|
|a (DNLM)101674267
|
| 040 |
|
|
|a DNLM/DLC
|b eng
|c DLC
|e rda
|d DLC
|d BD-DhAAL
|
| 042 |
|
|
|a pcc
|
| 050 |
0 |
0 |
|a QR181
|b .J37 2016
|
| 060 |
1 |
0 |
|a QW 504
|
| 082 |
0 |
0 |
|a 616.079
|2 23
|
| 100 |
1 |
|
|a Murphy, Kenneth
|q (Kenneth M.),
|e author.
|9 50027
|
| 245 |
1 |
0 |
|a Janeway's immunobiology /
|c Kenneth Murphy, Casey Weaver ; with contributions by Allan Mowat, Leslie Berg, David Chaplin ; with acknowledgment to Charles A. Janeway Jr., Paul Travers, Mark Walport.
|
| 246 |
1 |
|
|a Immunobiology
|
| 250 |
|
|
|a Ninth edition.
|
| 264 |
|
1 |
|a New York, NY :
|b Garland Science/Taylor & Francis Group, LLC,
|c c2017.
|
| 300 |
|
|
|a xx, 904 pages :
|b illustrations, portrait ;
|c 28 cm.
|
| 504 |
|
|
|a Includes bibliographical references and index.
|
| 526 |
|
|
|a PHR
|
| 541 |
|
|
|a Book Finder International
|e 39164, 39165, 39166, 39167
|
| 650 |
1 |
2 |
|a Immune System
|x physiology
|9 50028
|
| 650 |
1 |
2 |
|a Immune System
|x physiopathology
|9 50029
|
| 650 |
2 |
2 |
|a Immunity
|9 50030
|
| 650 |
2 |
2 |
|a Immunotherapy
|9 50031
|
| 650 |
2 |
2 |
|a Pharmacy.
|9 50032
|
| 700 |
1 |
|
|a Weaver, Casey,
|e author.
|9 50033
|
| 852 |
|
|
|a Ayesha Abed Library
|c General Stacks
|
| 942 |
|
|
|2 ddc
|c BK
|
| 952 |
|
|
|0 0
|1 0
|2 ddc
|4 0
|6 616_079000000000000_MUR
|7 0
|9 71256
|a BRACUL
|b BRACUL
|c GEN
|d 2022-07-18
|e Book Finder International
|g 7259.41
|l 4
|m 38
|o 616.079 MUR
|p 3010039167
|q 2026-04-27
|r 2025-04-16
|s 2025-04-16
|t 4
|v 7259.41
|w 2022-07-18
|y BK
|
| 952 |
|
|
|0 0
|1 0
|2 ddc
|4 0
|6 616_079000000000000_MUR
|7 0
|9 71257
|a BRACUL
|b BRACUL
|c GEN
|d 2022-07-18
|e Book Finder International
|g 7259.41
|l 3
|m 11
|o 616.079 MUR
|p 3010039164
|r 2025-10-19
|s 2025-10-19
|t 1
|v 7259.41
|w 2022-07-18
|y BK
|
| 952 |
|
|
|0 0
|1 0
|2 ddc
|4 0
|6 616_079000000000000_MUR
|7 0
|9 71258
|a BRACUL
|b BRACUL
|c GEN
|d 2022-07-18
|e Book Finder International
|g 7259.41
|l 4
|m 12
|o 616.079 MUR
|p 3010039165
|r 2025-12-23
|s 2025-12-04
|t 2
|v 7259.41
|w 2022-07-18
|y BK
|
| 952 |
|
|
|0 0
|1 0
|2 ddc
|4 0
|6 616_079000000000000_MUR
|7 0
|9 71259
|a BRACUL
|b BRACUL
|c GEN
|d 2022-07-18
|e Book Finder International
|g 7259.41
|l 5
|m 18
|o 616.079 MUR
|p 3010039166
|r 2026-04-02
|s 2026-03-03
|t 3
|v 7259.41
|w 2022-07-18
|y BK
|